Levinson's review of medical microbiology & immunology : (Record no. 36794)
[ view plain ]
| 000 -LEADER | |
|---|---|
| fixed length control field | 00657nam a22001817a 4500 |
| 005 - DATE AND TIME OF LATEST TRANSACTION | |
| control field | 20250730094632.0 |
| 008 - FIXED-LENGTH DATA ELEMENTS--GENERAL INFORMATION | |
| fixed length control field | 241202b |||||||| |||| 00| 0 eng d |
| 082 ## - DEWEY DECIMAL CLASSIFICATION NUMBER | |
| Item number | LEV-R |
| Classification number | 616.9041 |
| 100 ## - MAIN ENTRY--AUTHOR | |
| Author Name | Levinson, Warren |
| 245 ## - TITLE STATEMENT | |
| Title | Levinson's review of medical microbiology & immunology : |
| Remainder of title | a guide to clinical infectious diseases/ |
| Statement of responsibility, etc. | by Warren Levinson, Peter Chin-Hong, Elizabeth A. Joyce, Jesse Nussbaum, Brian S. Schwartz |
| 250 ## - EDITION STATEMENT | |
| Edition statement | 19th ed. |
| 260 ## - PUBLICATION, DISTRIBUTION, ETC. | |
| Place of Publication | New York : |
| Name of publisher, distributor, etc. | McGraw-Hill ; |
| Date of publication, distribution, etc. | 2024. |
| 300 ## - PHYSICAL DESCRIPTION | |
| Pages | vii, 840 p. : |
| 500 ## - GENERAL NOTE | |
| General note | Include Index. |
| 650 ## - SUBJECT ADDED ENTRY--TOPICAL TERM | |
| Subject / Department | Medical / Microbiology |
| 700 ## - ADDED ENTRY--PERSONAL NAME | |
| Personal name | Chin-Hong, Peter |
| 300 ## - PHYSICAL DESCRIPTION | |
| -- | ill ; |
| -- | 28 cm . |
| 952 ## - LOCATION AND ITEM INFORMATION (KOHA) | |
| -- | 0 |
| -- | 0 |
| 952 ## - LOCATION AND ITEM INFORMATION (KOHA) | |
| -- | 0 |
| -- | 0 |
| 952 ## - LOCATION AND ITEM INFORMATION (KOHA) | |
| -- | 0 |
| -- | 0 |
| Lost status | Damaged status | Collection code | Permanent Location | Current Location | Shelving Location | Date acquired | Full Call Number | Accession No./Barcode | Date last seen | Copy number | item type | Koha item type |
|---|---|---|---|---|---|---|---|---|---|---|---|---|
| Medical | Superior Information Resource Center (SIRC) Superior University- Central Library | Superior Information Resource Center (SIRC) Superior University- Central Library | Microbiology | 12/02/2024 | 616.9041 LEV-R 2024 | 29783 | 12/08/2025 | 1 | BOOK | BOOK | ||
| Medical | Superior Information Resource Center (SIRC) Superior University- Central Library | Superior Information Resource Center (SIRC) Superior University- Central Library | Microbiology | 12/02/2024 | 616.9041 LEV-R 2024 | 29784 | 03/11/2026 | 2 | BOOK | BOOK | ||
| Medical | Superior Information Resource Center (SIRC) Superior University- Central Library | Superior Information Resource Center (SIRC) Superior University- Central Library | Microbiology | 12/02/2024 | 616.9041 LEV-R 2024 | 29785 | 04/09/2026 | 3 | BOOK | BOOK |
